| 000 | 02807nam a2200337 i 4500 | ||
|---|---|---|---|
| 003 | peliumch | ||
| 005 | 20260109143744.0 | ||
| 007 | ta | ||
| 008 | 251222t2019 |||||||gr|||| 00| 0 spa d | ||
| 020 | _a9788417706876 | ||
| 040 |
_aUMCH _bspa _cUMCH _djmr _erda |
||
| 041 | 0 | _aspa | |
| 043 | _as-pe--- | ||
| 082 | 0 | 4 | _a370.114/G66M |
| 100 | 1 |
_aGonzález Alonso, Fernando. _eautor |
|
| 245 |
_aMejorar la convivencia : _beducación en valores y derecho educativo |
||
| 264 | 1 |
_aValencia ; _bTirant humanidades. _c2019 |
|
| 264 | 4 | _c©2019 | |
| 300 |
_a320 páginas ; _bMárgenes ; _c23 cm |
||
| 500 | _aMejorar la convivencia es un ideal y un fi n maravilloso y necesario en sí mismo. Superar y prevenir los confl ictos, la violencia, el acoso o bullying, el ciberbullying, la intimidación?? para que se produzca el entendimiento, el diálogo, la paz y la convivencia entre las personas, es un reto diario y una necesidad personal, social, de centros educativos, familias?? Aprender a vivir en paz y mejorar la convivencia, supone, el fomento de actitudes y valores pacífi cos y humanos, donde la educación, la formación y la comunicación son fundamentales. La convivencia es necesaria para que la persona se sienta a gusto, se desarrolle integralmente y se interrelacione en su entorno, compartiendo espacios y tiempos en proyectos comunes vitales. Esta obra pretende responder a las difi cultades que surgen para prevenir y luchar contra la violencia y la confl ictividad existente y construir la paz y la convivencia, desde la actualidad e interés que suscita la educación en valores, la convivencia y la paz en ámbitos socio educativos. Para ello, nos acercamos a los signifi cados de convivencia en la educación, a la normativa básica de convivencia y Derecho Educativo, a los problemas y difi cultades de la convivencia escolar para fomentarla con un modelo propio (AME), basado en actitudes, en medidas necesarias a tomar y en elementos con recursos y materiales necesarios, entre ellos, los programas, los planes y proyectos. Algunos anexos los explicitan a nivel nacional y por Comunidades Autónomas. | ||
| 505 |
_g1 : _tLa convivencia : Significados y contextos-- _g2 : _tLa convivencia y sus elementos-- _g3 : _tNormativa básica de convivencia y derecho eductivo-- _g4 : _tLos problemas de la convivencia escolar-- _g5 : _tEl fomento de la convivencia escolar-- _g6 : _tAlgunos recursos para mejorar la convivencia escolar. |
||
| 521 | _aRecomendado para un público general. | ||
| 650 | 1 | 4 | _aConvivencia escolar |
| 650 | 2 | 4 | _aResolución de conflictos |
| 700 | 1 | _aCastro Hernández, Rosa María | |
| 942 |
_2ddc _n0 _cLIB |
||
| 999 |
_c53563 _d53563 |
||